000 00298nam a22001337a 4500
008 210323b ||||| |||| 00| 0 eng d
020 _a9780714872469
041 _aeng
080 _a7
100 _a46
101 _aART
245 _aMilitary Style Invades Fashion
_cGodbold,T
942 _2udc
_cBK
999 _c56679
_d56679